000 00308nam a22001337a 4500
008 171023b xxu||||| |||| 00| 0 eng d
020 _a9781111216825
041 _aeng
080 _a311
100 _a55
101 _aSTA
245 _aSTATISTICS FOR MANAGEMENT AND ECONOMICS
_cKELLER, G
942 _2udc
_cBK
999 _c35577
_d35577